| 000 | 00795nam a2200217Ia 4500 | ||
|---|---|---|---|
| 001 | 1498 | ||
| 003 | GE_BSU | ||
| 008 | 181216s||||||||xx |||||||||||||| ||und|| | ||
| 040 | _cGE_BSU | ||
| 080 | _a631.3.004(075.3) | ||
| 100 | _aСельцер А.А. Скибневский К.Ю. | ||
| 245 | _aПрактикум по диагностированию сельскохозяйственной теxники. | ||
| 245 | _bУчебное пособие для сельских профессионнально -технических училищ. | ||
| 260 | _aМосква | ||
| 260 | _bКолос | ||
| 260 | _c1979 | ||
| 300 | _a424 с. 19 см. | ||
| 541 | _h12 л. | ||
| 653 | _aдиагностированию сельскохозяйственной теxники. | ||
| 942 | _cBK | ||
| 999 |
_c35628 _d35628 |
||